Trouvez l'intrus #3 - Musique - Statistiques

Statistiques générales
  • Ce quiz a été pris 98 fois
    76 depuis la dernière actualisation
  • Le résultat moyen est 5 sur 15
Statistiques - réponses
Question Réponse % Correct
Ces rappeurs faisaient partie du groupe Psy4DeLaRime Black M
70%
Ces DJ sont français Martin Garrix
69%
Ces chanteuses ont représenté la France à l'Eurovision Céline Dion
58%
Ces artistes ont déjà animé une mi-temps du Super Bowl Ed Sheeran
52%
Ces artistes ont déjà feat un artiste français Billie Eilish
49%
Ces artistes sont connus pour être en conflit Future et Travis Scott
37%
Ces titres sont des reprises d'un morceau en anglais Je te promets
30%
Ce sont des albums de Lady Gaga Final Dive
25%
Ces groupes afro-américains comportent au moins une femme Kool & The Gang
24%
Ces artistes détiennent un record lié aux Grammy Awards The Weeknd
23%
Ces labels musicaux existent Blue Horizon Collective
21%
Ces musiciens étaient des pianistes Johann Sebastian Bach
21%
Ce sont des instruments à vent Héliophone
17%
Ces artistes ont eu au moins 10 titres au sommet du Billboard Hot 100 Eminem
13%
Ces artistes de Reggaeton sont argentins Maluma
8%
Aucun quiz correspondant
Distribution des résultats
% des personnes avec chaque résultat
Percentile par nombre de réponses
Votre historique - résultats
Vous n’avez pas pris ce quiz depuis la dernière actualisation